000
00321nam a2200109Ia 4500
008
171211s9999 xx 000 0 und d
245
4
_a
The Cambridge Companion to Einstein
245
_c
Christoph Lehner and Michel Janssen
260
_c
2014
650
_x
Biography
856
_u
http://down.ebook777.com/059/0521535425.pdf
999
_c
349975
_d
349975